Introduction to the legal system in East Africa / (Record no. 13155)
[ view plain ]
| 000 -LEADER | |
|---|---|
| fixed length control field | 00635nam a22002052 4500 |
| 001 - CONTROL NUMBER | |
| control field | 0000009126 |
| 005 - DATE AND TIME OF LATEST TRANSACTION | |
| control field | 20151217155839.0 |
| 008 - FIXED-LENGTH DATA ELEMENTS--GENERAL INFORMATION | |
| fixed length control field | 080904s xx 000 0 eng d |
| 020 ## - INTERNATIONAL STANDARD BOOK NUMBER | |
| Terms of availability | KES 2090 |
| 040 ## - CATALOGING SOURCE | |
| Original cataloging agency | KABU |
| Transcribing agency | KABU |
| 100 1# - MAIN ENTRY--PERSONAL NAME | |
| Personal name | Harvey, William Burnett. |
| -- | 0000160337 |
| 245 10 - TITLE STATEMENT | |
| Title | Introduction to the legal system in East Africa / |
| Statement of responsibility, etc. | William Burnett Harvey. |
| 260 ## - PUBLICATION, DISTRIBUTION, ETC. (IMPRINT) | |
| Place of publication, distribution, etc. | Nairobi : |
| Name of publisher, distributor, etc. | K. L. B., |
| Date of publication, distribution, etc. | 1975. |
| 300 ## - PHYSICAL DESCRIPTION | |
| Extent | xxxiii, 902 p. |
| 650 #0 - SUBJECT ADDED ENTRY--TOPICAL TERM | |
| Topical term or geographic name as entry element | Law |
| Geographic subdivision | Africa, East. |
| -- | 0000160338 |
| 650 #0 - SUBJECT ADDED ENTRY--TOPICAL TERM | |
| Topical term or geographic name as entry element | Law |
| General subdivision | Cases |
| Geographic subdivision | Africa, East. |
| -- | 0000160339 |
| 908 ## - PUT COMMAND PARAMETER (RLIN) | |
| Put command parameter | 080904 |
| 950 ## - LOCAL HOLDINGS (RLIN) | |
| -- | 1 |
| Withdrawn status | Lost status | Source of classification or shelving scheme | Not for loan | Home library | Current library | Date acquired | Total Checkouts | Full call number | Barcode | Date last seen | Price effective from | Koha item type |
|---|---|---|---|---|---|---|---|---|---|---|---|---|
| Library of Congress Classification | Kabarak, Main Campus | Kabarak, Main Campus | 17/12/2015 | KQC117 .H37 c. 1 | 009380 | 12/09/2017 | 17/12/2015 | Africana Collection |